000 00342nam a2200145Ia 4500
008 230718s9999 xx 000 0 und d
041 _aEng.
082 _a891.4391
_bQUD-S
100 _aqudart ul Allah shahbab
245 0 _ashahbab nasir
260 _aPakistan
_bsang chil publisher
_c2017
300 _a783
650 _aLaw
999 _c31705
_d31705